| 000 | 00859nam a2200253 4500 | ||
|---|---|---|---|
| 001 | 15486 | ||
| 010 | _a9789896715403 | ||
| 021 | _b468359/20 | ||
| 090 | _a15486 | ||
| 100 | _a20220222d2020 m y0pory50030103ba | ||
| 200 | 1 |
_aA miséria do tempo _evidas suspensas pelo desemprego _fRenato Miguel do Carmo, Maria Madalena D'Avelar |
|
| 205 | _a1ª ed | ||
| 210 | 9 |
_aLisboa _cTinta-da-China, _d2020 |
|
| 215 |
_a262, [1] p. _d21 cm |
||
| 300 | _aPADES | ||
| 675 |
_a316.61(469)"200/201" _vBN _zpor |
||
| 675 |
_a331.5(469)"200/201" _vBN _zpor |
||
| 675 |
_a316.72(469)"200/201" _vBN _zpor |
||
| 675 |
_a308(469)"200/201" _vBN _zpor |
||
| 700 | 1 |
_aCarmo, _bRenato Miguel do, _f1971- |
|
| 701 | 1 |
_aAvelar, _bMaria Madalena de, _f1994- |
|
| 801 | 0 |
_aPT _bBN _gRPC |
|
| 856 | 4 | 1 | _uhttp://rnod.bnportugal.gov.pt/ImagesBN/winlibimg.aspx?skey=&doc=2093335&img=161647&save=true |
| 990 | _cLIVROS | ||